| 000 | 00440nam a22001577a 4500 | ||
|---|---|---|---|
| 999 |
_c15576 _d15576 |
||
| 003 | OSt | ||
| 008 | 190517b ||||| |||| 00| 0 eng d | ||
| 020 | _a9788177546125 | ||
| 082 |
_a633.8 _bPRA/TE |
||
| 100 |
_aPrasad, S _93187 |
||
| 245 | _aA Textbook of Production Technology of Spices, Aromatic, Medicial and Plantation Crops | ||
| 260 |
_aJodhpur _bAGROBIOS _c2016 |
||
| 300 | _a258 p. | ||
| 700 |
_aBhardwaj, Raju L _94055 |
||
| 942 | _cBK | ||